Taylor Swift - Associer les chansons à leur album #8 - Statistiques

Statistiques générales
  • Ce quiz a été pris 95 fois
  • Le résultat moyen est 22 sur 26
Statistiques - réponses
Hint Réponse % Correct
Fearless Fearless
96%
Paper Rings Lover
96%
End Game Reputation
96%
Ready For It Reputation
96%
Eldest Daughter The Life of a Showgirl
94%
The Alchemy The Tortured Poets Department
93%
Florida!!! The Tortured Poets Department
92%
Fresh Out the Slammer The Tortured Poets Department
89%
You’re Losing Me Midnights
87%
How You Get The Girl 1989
86%
Betty folklore
85%
Invisible String folklore
85%
It’s Nice to Have Friends Lover
85%
Sweet Nothing Midnights
85%
Castle Crumbling Speak Now
85%
You Are In Love 1989
83%
Long Story Short evermore
83%
Right Where You Left Me evermore
83%
Should’ve Said No Taylor Swift
77%
Breathe Fearless
76%
The Story Of Us Speak Now
76%
You’re Not Sorry Fearless
75%
The Very First Night Red
75%
Tied Together With a Smile Taylor Swift
75%
Stay Stay Stay Red
74%
Forever Winter Red
57%
Aucun quiz correspondant
Distribution des résultats
% des personnes avec chaque résultat
Percentile par nombre de réponses
Votre historique - résultats
Vous n’avez pas pris ce quiz